000 00563cam a22001933a 4500
001 44338
003 PGUSA
005 20140828084019.0
008 131203s2013||||xxu|||||s|||||000 | eng d
040 _aPGUSA
_beng
042 _adc
245 1 0 _aBlackwood's Edinburgh Magazine, Volume 68, No. 417, July, 1850
_h[electronic resource] /
_cVarious
260 _bProject Gutenberg,
_c2013
506 _aPublic domain in the USA.
516 _aElectronic text
830 0 _aProject Gutenberg
_v44338
856 4 0 _uhttp://www.gutenberg.org/ebooks/44338
942 _cEB
999 _c273589
_d273589